000 02929nam a2200265Ia 4500
003 Ost
005 20260507075617.0
008 260507s9999||||xx |||||||||||||| ||und||
020 _a9789961013182
040 _cfsecg
041 _aara
082 _a350.72
100 _aزغيب، مليكة
_eمؤلف
245 0 _aالتسيير المالي الجديد حسب البرنامج الجديد /
_c مليكة زغيب
250 _aطبعة 3
260 _aالجزائر:
_bديوان المطبوعات الجامعية,
_c2017
300 _a224 صفحة؛
_bإيضاحات ؛
_c22 سم
504 _aالمراجع ص.216
520 _aيعالج هذا الكتاب موضوع التسيير المالي حسب البرنامج الرسمي الجديد حيث قسم إلى ستة فصول مهمة ، تناول الفصل الأول مفهوم الوظيفة المالية داخل المؤسسة مع تحديد أهميتها ومختلف قراتها، بالإضافة إلى استعراض الكشوفات المالية والمحاسبية الأساسية.وتم التطرق إلى مفهوم التحليل المالي وأنواعه لاستنتاج الجهات المستفيدة من هذه العملية.ولأن الميزانية المالية هي النواة الأساسية للتحليل المالي حسب منظور السيولة والاستحقاق ، فقد خصص الفصل الثاني لكيفية إعدادها وأهم الأدوات المستخدمة في هذا النوع من التحليل.كما تناول في الفصل الثالث التحليل المالي حسب المنظور الوظيفي من خلال استعراض أسسه ودلالته.وقد خصص الفصل الرابع لدراسة النتيجة، المردودية وأثر الرافعة مبرزين أهم الفروقات بين أرصدة جدول حسابات النتائج حسب المخطط المحاسبي الوطني والمخطط المحاسبي لعام 82.أما الفصل الخامس ، فقد تناول بالدراسة التحليل المالي بواسطة جداول التدفقات المالية باعتبارها أداة ديناميكية تسمح بوسائلها في الكشف عن الكثير من الاختلالات المالية، وهذا بواسطة عرض النماذج الشائعة الاستخدام.وفي الفصل السادس والأخير تم تقديم أهم الطرق المستخدمة في التقييم المالي للمشاريع الاستثمارية ، مع استعراض مختلف الوسائل التي تستخدمها المؤسسة في تمويل هذه الإستثمارات.
653 _aالتحليل المالي
653 _aالتسيير المالي
653 _aالمالية العامة
700 _aبوشنقير، ميلود
_eمؤلف ثانوي
942 _cكتاب
999 _c45116
_d45116